Top 15 Covid-19 getroffen landen - 2 mei - Statistieken

Algemene statistieken
  • Deze quiz is 4 keer genomen
  • De gemiddelde score is 15 van 23
Antwoordstatistieken
land % Correct
België
100%
België
100%
China
100%
Duitsland
100%
Frankrijk
100%
Nederland
100%
Rusland
100%
Verenigde Staten
100%
Brazilië
67%
Canada
67%
Ierland
67%
Italië
67%
Peru
67%
Portugal
67%
Spanje
67%
Verenigd Koninkrijk
67%
Zweden
67%
Turkije
33%
Zwitserland
33%
Bahrein
0%
Iran
0%
Qatar
0%
Singapore
0%
Geen overeenkomende quizzen gevonden
Scoreverdeling
Procent van Mensen met Elke Score
Percentiel versus Aantal Correcte Antwoorden
Uw Scoregeschiedenis
U heeft deze quiz nog niet genomen